| 000 | 00390nam a22001337a 4500 | ||
|---|---|---|---|
| 008 | 230623b xxu||||| |||| 00| 0 eng d | ||
| 020 | _a1897621116 | ||
| 082 |
_a330. _bMBE 1993 |
||
| 245 | _aEuropean Economic Integration and the Franc Zone:The Future of the CFA Franc After 1996 | ||
| 260 |
_bAfrican Economic Research Consortium _c1993 |
||
| 300 | _a78p | ||
| 440 | _n19 | ||
| 942 |
_2ddc _cBK |
||
| 999 |
_c2407 _d2407 |
||